000 00433nam a2200181Ia 4500
005 20240823033523.0
008 240823s9999||||xx |||||||||||||| ||und||
041 _aENGLISH
082 _A621.3828
100 _aRajesh Malhotra
245 0 _aPractical Audio Visual Projects
250 _a1st
260 _b"BPB,New "
500 _aTransfered
650 _aElectronic projects
_bInstrumentation
942 _cBK
999 _c196018
_d196018